Manual jurídic dels museus : qüestions pràctiques / Lluís Peñuelas (ed.) ; Raimon Carrasco ... [et al] qüestions pràctiques / Lluís Peñuelas (ed.) ; Raimon Carrasco ... [et al]
ISBN:
84-7248-663-X
Descripción Física:
251 p. ; 24 cm
Materias:
Museus -- Dret i legislació -- Espanya
MARC
| LEADER | 00000nam a2200000Ia 4500 | ||
|---|---|---|---|
| 001 | 16091 | ||
| 008 | 160829s1998 xx 000 0 cat d | ||
| 020 | |a 84-7248-663-X | ||
| 080 | |a D-3-31 | ||
| 245 | |a Manual jurídic dels museus : |b qüestions pràctiques / Lluís Peñuelas (ed.) ; Raimon Carrasco ... [et al] | ||
| 260 | |a Barcelona : |b Diputació de Barcelona ; Madrid : |b Marcial Pons, |c 1998 | ||
| 300 | |a 251 p. ; |c 24 cm | ||
| 590 | |a Hi ha un altre exemplar en castellà: D-1-174 | ||
| 650 | |a Museus |x Dret i legislació |x Espanya |9 37981 | ||
| 700 | |a Peñuelas, Lluís, ed. |9 37317 | ||
| 700 | |a Carrasco, Raimon |9 37318 | ||
| 710 | 1 | |a Barcelona (Catalunya : Província). |b Diputació |9 52408 | |
| 901 | |a Arxiu | ||
| 942 | |n 1 | ||
| 952 | |0 0 |1 0 |4 0 |6 D331 |7 1 |9 47797 |a Arxiu |b Arxiu |d 2016-12-01 |l 0 |o D-3-31 |p 16091 |r 2016-12-01 00:00:00 |w 2016-12-01 |y ARXIU | ||
| 999 | |c 51596 |d 51596 | ||